Concepciones latinoamericanas del desarrollo y el institucionalismo /
Guardat en:
| Autor principal: | |
|---|---|
| Altres autors: | |
| Format: | Text |
| Etiquetes: |
Afegir etiqueta
Sense etiquetes, Sigues el primer a etiquetar aquest registre!
|
MARC
| LEADER | 00000 a a2200000 04500 | ||
|---|---|---|---|
| 001 | 676 | ||
| 003 | |||
| 040 | |||
| 100 | |a Zarin, Victor | ||
| 245 | |a Concepciones latinoamericanas del desarrollo y el institucionalismo / |c Victor Zarin ; Natalia Efímova | ||
| 700 | |a Efímova, Natalia | ||
| 773 | |g número 8; páginas 18-28 | ||
| 999 | |c 37067 |d 37067 | ||
